| 000 | 00960nam a22002177a 4500 | ||
|---|---|---|---|
| 003 | UA-OsUOA | ||
| 001 | 36125 | ||
| 007 | ta | ||
| 008 | 20060706b un ||||| |||| 00| 0 ukr d | ||
| 090 |
_a082(94.477) _bА18 |
||
| 942 | _cBK | ||
| 040 |
_aUA-OsUOA _bukr _cUA-OsUOA _dUA-OsUOA |
||
| 245 |
_aАвгустин Волошин як український державник, педагог і релігійний діяч _bМатеріали Всеукраїнської наукової конференції, присвяченої 130-річчю від дня народження Героя України, о. Августина Волошина і 65-річчю проголошення Карпатської України. 16 березня 2004 року. |
||
| 300 | _a147 с. | ||
| 955 | _a1 | ||
| 041 | _aukr | ||
| 080 | _a082(94.477) | ||
| 260 |
_aК. _c2004 |
||
| 650 | 7 |
_a08 Видання. Колективні праці _2UDC |
|
| 999 |
_c434656 _d434656 |
||